Detalles MARC
| 000 -CABECERA |
| Longitud fija campo de control |
01942nam a2200469 c 4500 |
| 001 - NÚMERO DE CONTROL |
| Número de control |
12796 |
| 003 - IDENTIFICADOR DE NÚMERO DE CONTROL |
| Identificador del número de control |
ES-MaCES |
| 005 - FECHA Y HORA DE LA ÚLTIMA TRANSACCIÓN |
| Fecha y hora de la última transacción |
20240822140230.0 |
| 008 - CAMPO FIJO DE DESCRIPCIÓN FIJA--INFORMACIÓN GENERAL |
| Códigos de información de longitud fija |
011005s2001 xxud t i100 | spa d |
| 020 ## - ISBN (INTERNATIONAL STANDARD BOOK NUMBER) |
| Número Internacional Normalizado para Libros (ISBN) |
9213122918 |
| 035 ## - NÚMERO DE CONTROL DEL SISTEMA |
| Número de control del sistema |
CES20010015185m |
| 040 ## - FUENTE DE CATALOGACIÓN |
| Centro catalogador de origen |
ES-MaCES |
| Lengua de catalogación |
spa |
| Centro transcriptor |
ES-MaCES |
| 041 1# - CÓDIGO DE IDIOMA |
| Código de lengua del texto;banda sonora o título independiente |
spa |
| Código de lengua original |
eng |
| 111 2# - ENCABEZAMIENTO PRINCIPAL--NOMBRE DE REUNIÓN |
| Nombre de congreso o jurisdicción como elemento de entrada |
Conferencia de las Naciones Unidas sobre Comercio y Desarrollo |
| Sede del congreso |
Ginebra |
| 9 (RLIN) |
90 |
| 245 10 - MENCIÓN DE TÍTULO |
| Título |
Informe sobre el comercio y el desarrollo, 2001 |
| Resto del título |
: [tendencias y perspectivas mundiales, arquitectura financiera] |
| Mención de responsabilidad, etc. |
informe de la Secretaría de la Conferencia de las Naciones Unidas sobre Comercio y Desarrollo |
| 260 ## - PUBLICACIÓN, DISTRIBUCIÓN, ETC (PIE DE IMPRENTA) |
| Lugar de publicación, distribución, etc. |
Nueva York |
| -- |
Ginebra |
| Nombre del editor, distribuidor, etc. |
Naciones Unidas |
| Fecha de publicación, distribución, etc. |
2001 |
| 300 ## - DESCRIPCIÓN FÍSICA |
| Extensión |
XXIII, 145 P. |
| Dimensiones |
30cm |
| 500 ## - NOTA GENERAL |
| Nota general |
Subtít. tomado de la cub |
| 500 ## - NOTA GENERAL |
| Nota general |
Publ. también en inglés bajo el tít.: Trade and development, report, 2001 : global trends and prospects, financial architecture |
| 504 ## - NOTA DE BIBLIOGRAFÍA, ETC. |
| Nota de bibliografía, etc. |
Bibliografía: p. 139-145 |
| 541 ## - NOTA DE LA FUENTE INMEDIANTE DE ADQUISICIÓN |
| Forma de adquisición |
Compra |
| 650 #4 - ASIENTO SECUNDARIO DE MATERIA--TÉRMINO DE MATERIA |
| Término de materia o nombre geográfico como elemento inicial |
comercio internacional |
| 9 (RLIN) |
27958 |
| 650 #4 - ASIENTO SECUNDARIO DE MATERIA--TÉRMINO DE MATERIA |
| Término de materia o nombre geográfico como elemento inicial |
desarrollo económico |
| 9 (RLIN) |
27093 |
| 650 #4 - ASIENTO SECUNDARIO DE MATERIA--TÉRMINO DE MATERIA |
| Término de materia o nombre geográfico como elemento inicial |
sistema monetario internacional |
| 9 (RLIN) |
28167 |
| 650 #4 - ASIENTO SECUNDARIO DE MATERIA--TÉRMINO DE MATERIA |
| Término de materia o nombre geográfico como elemento inicial |
reforma monetaria internacional |
| 9 (RLIN) |
28165 |
| 650 #4 - ASIENTO SECUNDARIO DE MATERIA--TÉRMINO DE MATERIA |
| Término de materia o nombre geográfico como elemento inicial |
desarrollo del comercio internacional |
| 9 (RLIN) |
27987 |
| 650 #4 - ASIENTO SECUNDARIO DE MATERIA--TÉRMINO DE MATERIA |
| Término de materia o nombre geográfico como elemento inicial |
país en desarrollo |
| 9 (RLIN) |
27092 |
| 650 #4 - ASIENTO SECUNDARIO DE MATERIA--TÉRMINO DE MATERIA |
| Término de materia o nombre geográfico como elemento inicial |
país desarrollado |
| 9 (RLIN) |
27091 |
| 650 #4 - ASIENTO SECUNDARIO DE MATERIA--TÉRMINO DE MATERIA |
| Término de materia o nombre geográfico como elemento inicial |
2001 |
| 9 (RLIN) |
31582 |
| 650 #4 - ASIENTO SECUNDARIO DE MATERIA--TÉRMINO DE MATERIA |
| Término de materia o nombre geográfico como elemento inicial |
informe |
| 9 (RLIN) |
28986 |
| 650 #4 - ASIENTO SECUNDARIO DE MATERIA--TÉRMINO DE MATERIA |
| Término de materia o nombre geográfico como elemento inicial |
conferencia |
| 9 (RLIN) |
27013 |
| 650 #4 - ASIENTO SECUNDARIO DE MATERIA--TÉRMINO DE MATERIA |
| Término de materia o nombre geográfico como elemento inicial |
pub NU |
| 9 (RLIN) |
29169 |
| 653 10 - TÉRMINO DE INDEXACIÓN--NO CONTROLADO |
| Término no controlado |
Condiciones económicas |
| 710 2# - ENCABEZAMIENTO SECUNDARIO--NOMBRE CORPORATIVO |
| Nombre de entidad o nombre de jurisdicción como elemento inicial |
Naciones Unidas |
| Término indicativo de función |
ed. |
| 9 (RLIN) |
4567 |
| 740 02 - ENCABEZAMIENTO SECUNDARIO--TÍTULO ANALÍTICO/RELACIONADO NO CONTROLADO |
| Título relacionado o analítico no controlado |
Tendencias y perspectivas mundiales, arquitectura financiera |
| 767 0# - ENTRADA DE TRADUCCIÓN |
| Título |
Trade and development report, 2001 |
| Número de control del registro relacionado |
(ES-MaCES)13500 |
| 787 0# - ENTRADA DE OTRAS ESPECIFICACIONES |
| Título |
Informe sobre el comercio y el desarrollo, 2002 |
| Número de control del registro relacionado |
(ES-MaCES)15130 |
| 787 0# - ENTRADA DE OTRAS ESPECIFICACIONES |
| Título |
Informe sobre el comercio y el desarrollo, 2000 |
| Número de control del registro relacionado |
(ES-MaCES)11506 |
| 902 ## - CES. TIPO DE DOCUMENTO |
| Tipodoc (006$c Sirtex) |
LIB Libro |
| 942 ## - ELEMENTOS KOHA |
| Fuente de clasificaión o esquema |
Clasificación propia del CES |
| Koha [por defecto] tipo de item |
Monografías |
| Parte de clasificación |
0.0. |